000 01054nam a22003137a 4500
001 BR7900447
003 BR-BrBNA
005 20230928085911.0
007 ta
008 230509b bl.||||| |||| 00| 0 por d
040 _aBR-BrBNA
_bpor
_cBiblioteca Nacional de Agricultura
041 _a(Por)
072 _aF00; F25
_b1740
_b3820
090 _ 1740 BR7900447
100 1 _aCosta Filho, J.F. da
110 1 _aUniversidade Federal da Paraiba, Campina Grande (Brasil). Centro de Ciencias e Tecnologia. Depto. de Engenharia Civil
_0Tese (Mestrado)
_910754
245 1 _aEfeito do conteudo de agua do solo, densidade de plantio e fertilizacao nitrogenada na producao da cebola (Allium cepa, L.)
260 3 _aCampina Grande, PB (Brasil):
_c1978.
300 _a48 p.
500 _a36 ref.; Summaries (Eng, Por)
650 _aProducao vegetal
650 _aCebola
650 _aAdubacao
650 _aFertilizante nitrogenado
650 _aDensidade de plantio
650 _aRendimento
909 _a202309
_bLucia
_c55
_dLucia Elande
942 _cBK
999 _c26923
_d26923